[Event "Michigan Class C"]
[Site "Grand Rapids, MI"]
[Date "1997.01.19"]
[Round "5.3"]
[White "Scioly, Tony"]
[Black "Asbury, Victor"]
[Result "1-0"]
[WhiteElo "1500"]
[BlackElo "1530"]
[PlyCount "113"]
[EventDate "1997.01.18"]

1. e4 c5 2. Nf3 Nc6 3. Bb5 Qb6 4. Nc3 a6 5. Bxc6 bxc6 6. O-O g6 7. d4 cxd4 8.
Qxd4 Qxd4 9. Nxd4 Bg7 10. Be3 Nf6 11. f3 O-O 12. Rad1 Rb8 13. b3 c5 14. Nde2 d6
15. Nd5 Bb7 16. Nxe7+ Kh8 17. Rxd6 Rfe8 18. Nc6 Rbc8 19. Na5 Rc7 20. Nxb7 Rxb7
21. Rfd1 c4 22. Bd4 Ng8 23. Bxg7+ Kxg7 24. Rxa6 cxb3 25. axb3 Rc8 26. Ra2 Rbc7
27. c4 Rb8 28. Rd3 Nf6 29. Ra1 Nd7 30. Rb1 Nc5 31. Rc3 Na4 32. Rcc1 Nc5 33. Nd4
Rcb7 34. Kf2 Nd3+ 35. Ke3 Nxc1 36. Rxc1 Kg8 37. Rc2 Rd7 38. f4 Rbd8 39. Rd2 Kf8
40. Nf3 Rxd2 41. Nxd2 Ke7 42. e5 Kd7 43. b4 Kc6 44. Ne4 h5 45. Nd6 Rd7 46. h3
Re7 47. Kd4 Ra7 48. b5+ Kb6 49. Nc8+ Kb7 50. Nxa7 Kxa7 51. c5 Kb7 52. Kd5 Kc7
53. g4 hxg4 54. hxg4 Kd7 55. b6 Kc8 56. Kd6 Kb7 57. c6+ 1-0

[Event "Michigan Class D/E"]
[Site "Grand Rapids, MI"]
[Date "1997.01.19"]
[Round "4.5"]
[White "Saylor, Oliver"]
[Black "Poniatowski, Don"]
[Result "1/2-1/2"]
[WhiteElo "1391"]
[BlackElo "1293"]
[PlyCount "81"]
[EventDate "1997.01.18"]

1. e4 c6 2. d4 d5 3. e5 Bf5 4. Bd3 Bxd3 5. Qxd3 e6 6. Nf3 h6 7. O-O c5 8. c3
Nc6 9. Be3 c4 10. Qc2 b5 11. b4 Nge7 12. Nbd2 a5 13. a3 Nc8 14. a4 axb4 15.
axb5 N6a7 16. cxb4 Nb6 17. Qb2 Nxb5 18. Rxa8 Nxa8 19. Nb1 Be7 20. Nc3 Nac7 21.
Nxb5 Nxb5 22. Qa1 Kd7 23. Qa4 Qb6 24. Qa5 Kc7 25. Qxb6+ Kxb6 26. Rb1 f6 27.
exf6 gxf6 28. Nh4 Rg8 29. g3 h5 30. Ng2 e5 31. dxe5+ Kc6 32. exf6 Bxf6 33. h4
d4 34. Rc1 c3 35. Bf4 Rd8 36. Bg5 Rf8 37. Bxf6 Rxf6 38. Nf4 Rd6 39. Nd3 Kd5 40.
Kf1 Kc4 41. Ne5+ 1/2-1/2

[Event "Michigan Class D/E"]
[Site "Grand Rapids, MI"]
[Date "1997.01.19"]
[Round "1.4"]
[White "Priebe, Raymond"]
[Black "Mitchell, Dave"]
[Result "1-0"]
[WhiteElo "1337"]
[BlackElo "1184"]
[PlyCount "40"]
[EventDate "1997.01.18"]

1. e4 d6 2. d4 Nf6 3. Nc3 c6 4. Nf3 Bg4 5. Bg5 Nbd7 6. Bc4 Qa5 7. O-O Bxf3 8.
Qxf3 Qxg5 9. d5 c5 10. Nb5 Kd8 11. Rfe1 a6 12. Qa3 a5 13. c3 Ne5 14. Be2 Nxe4
15. f3 Nd2 16. c4 Ndxc4 17. Bxc4 Nxf3+ 18. Qxf3 f6 19. Qe2 Qe5 20. Qf2 Qd4 1-0

[Event "Michigan Class D/E"]
[Site "Grand Rapids, MI"]
[Date "1997.01.19"]
[Round "5.2"]
[White "Priebe, Raymond"]
[Black "Dolin, Jack"]
[Result "1-0"]
[WhiteElo "1337"]
[BlackElo "1330"]
[PlyCount "99"]
[EventDate "1997.01.18"]

1. e4 c5 2. Nf3 d6 3. Bb5+ Bd7 4. Bxd7+ Qxd7 5. d4 cxd4 6. Nxd4 Nc6 7. O-O e5
8. Nf3 Nf6 9. Nc3 Be7 10. Bg5 h6 11. Bh4 g5 12. Bg3 Rc8 13. Re1 Bd8 14. Nd5
Nxd5 15. Qxd5 Nb4 16. Nxe5 Nxd5 17. Nxd7 Nb4 18. Bxd6 Nxc2 19. Be5 f6 20. Nxf6+
Bxf6 21. Bxf6 Rg8 22. Rac1 Kf7 23. Re2 Nb4 24. Rxc8 Rxc8 25. Bc3 Nxa2 26. Rc2
Nb4 27. Rd2 Ke6 28. f3 Nc6 29. Kf2 Rc7 30. g3 a5 31. f4 gxf4 32. gxf4 b5 33.
f5+ Kf7 34. b3 b4 35. Bb2 Re7 36. Kf3 Ne5+ 37. Kf4 Rd7 38. Rxd7+ Nxd7 39. Bd4
a4 40. bxa4 b3 41. e5 Nc5 42. e6+ Ke8 43. a5 b2 44. Bxb2 Nd3+ 45. Ke4 Nxb2 46.
Kd4 Ke7 47. a6 Na4 48. a7 Nb6 49. Kc5 Na8 50. Kc6 1-0

[Event "Michigan Beginners"]
[Site "Grand Rapids, MI"]
[Date "1997.01.19"]
[Round "4.5"]
[White "Pleasant, Andrew"]
[Black "Ellis, Carl"]
[Result "0-1"]
[WhiteElo "892"]
[BlackElo "838"]
[PlyCount "96"]
[EventDate "1997.01.19"]

1. e4 e5 2. Nf3 Nc6 3. Bb5 a6 4. Bxc6 dxc6 5. Nxe5 Qe7 6. d4 Nf6 7. Nc3 g6 8.
f3 Bg7 9. Nd3 Nd5 10. Bd2 Bxd4 11. Qe2 Nxc3 12. Bxc3 Bxc3+ 13. bxc3 Be6 14. Nf4
O-O-O 15. O-O Qc5+ 16. Qf2 Qxc3 17. Qa7 Qd4+ 18. Qxd4 Rxd4 19. Nxe6 fxe6 20.
Rad1 Rhd8 21. Rxd4 Rxd4 22. g4 Rd2 23. Rf2 Rxf2 24. Kxf2 Kd7 25. h4 e5 26. Ke3
Ke6 27. f4 exf4+ 28. Kxf4 h6 29. e5 b5 30. Ke4 c5 31. a3 a5 32. Kf4 a4 33. g5
h5 34. Ke4 b4 35. axb4 cxb4 36. Kd3 a3 37. c3 a2 38. cxb4 a1=Q 39. Kc4 Qxe5 40.
b5 Kd6 41. Kb4 Qd4+ 42. Ka5 Kc5 43. Ka6 Qa4+ 44. Kb7 Qxb5+ 45. Kc8 Qe8+ 46. Kb7
c6 47. Kc7 Qe7+ 48. Kb8 Kb6 0-1

[Event "Michigan Class D/E"]
[Site "Grand Rapids, MI"]
[Date "1997.01.19"]
[Round "5.7"]
[White "O'Dell, Ray"]
[Black "Parker, Harvard"]
[Result "0-1"]
[WhiteElo "1217"]
[BlackElo "1295"]
[PlyCount "60"]
[EventDate "1997.01.18"]

1. c4 e5 2. e4 Nf6 3. d3 Bc5 4. Nf3 d6 5. h3 O-O 6. Bg5 c6 7. a3 a5 8. Nbd2 Qb6
9. Nb3 Bxf2+ 10. Ke2 h6 11. d4 Nxe4 12. Be3 Ng3+ 13. Kxf2 Nxh1+ 14. Kg1 Ng3 15.
Bd3 Bf5 16. c5 Qc7 17. Kh2 Bxd3 18. Qxd3 e4 19. Qd1 Nf5 20. Bf4 exf3 21. Qxf3
Qd7 22. Qf2 dxc5 23. dxc5 Qd5 24. Nd2 Nd7 25. Rc1 Rfe8 26. g4 Nd4 27. Re1 Rxe1
28. Qxe1 Nf6 29. Be5 Re8 30. Qg3 Qxc5 0-1

[Event "Michigan Beginners"]
[Site "Grand Rapids, MI"]
[Date "1997.01.19"]
[Round "5.5"]
[White "Nolan, Sean"]
[Black "Pleasant, Andrew"]
[Result "0-1"]
[WhiteElo "678"]
[BlackElo "892"]
[PlyCount "128"]
[EventDate "1997.01.19"]

1. e4 c5 2. Nf3 d6 3. d3 Nf6 4. Nc3 e6 5. Bg5 g6 6. Bxf6 Qxf6 7. Be2 Bg7 8. O-O
O-O 9. Qd2 Nd7 10. Nb5 Qe7 11. Ng5 Bh6 12. f4 Bxg5 13. fxg5 a6 14. Nc7 Rb8 15.
Bg4 Qd8 16. Nxe6 fxe6 17. Bxe6+ Kg7 18. Rxf8 Nxf8 19. Bxc8 Rxc8 20. Rf1 Qe7 21.
Qe3 Ne6 22. h4 Rf8 23. Rxf8 Kxf8 24. Qf3+ Ke8 25. g3 Nd4 26. Qf2 b5 27. c3 Nc6
28. Qe3 Qf7 29. b3 Kd7 30. c4 bxc4 31. dxc4 Nb4 32. a4 Ke6 33. Qc3 a5 34. Qb2
Qf3 35. Kh2 Qxe4 36. Qf6+ Kd7 37. Qg7+ Qe7 38. Qg8 Nd3 39. Kg2 Nc1 40. Qd5 Nxb3
41. Qb7+ Ke8 42. Qxb3 Qe2+ 43. Kh3 d5 44. cxd5 c4 45. Qc3 Qd3 46. Qc1 Qxd5 47.
Kh2 Qd3 48. Kg2 c3 49. Kf2 c2 50. Ke1 Qxg3+ 51. Ke2 Qxh4 52. Kd3 Qh3+ 53. Ke4
Qg2+ 54. Kd4 Qg4+ 55. Kc3 Qf3+ 56. Kd4 Qf2+ 57. Kc3 Qf3+ 58. Kd4 Qd1+ 59. Qxd1
cxd1=Q+ 60. Kc3 Qxa4 61. Kb2 Qb4+ 62. Ka2 a4 63. Ka1 a3 64. Ka2 Qb2# 0-1

[Event "Michigan Beginners"]
[Site "Grand Rapids, MI"]
[Date "1997.01.19"]
[Round "5.9"]
[White "Nolan, Scott"]
[Black "Marlatt, Caitie"]
[Result "1-0"]
[WhiteElo "687"]
[BlackElo "1132"]
[PlyCount "113"]
[EventDate "1997.01.19"]

1. e4 e5 2. Nc3 Nc6 3. Nf3 Nf6 4. Bb5 Bb4 5. Bxc6 dxc6 6. d3 Bd6 7. Be3 O-O 8.
O-O Ng4 9. Qd2 Nf6 10. Rfe1 Bg4 11. Qe2 Bxf3 12. Qxf3 Qe7 13. Bg5 Qe6 14. Bxf6
Qxf6 15. Qxf6 gxf6 16. Re3 Kh8 17. Rg3 Rg8 18. Ne2 Rg6 19. c4 Rag8 20. b4 Bxb4
21. d4 exd4 22. Rb1 Bd6 23. Rxg6 Rxg6 24. Nxd4 Rh6 25. h3 Be5 26. Nf3 Bc3 27.
Rb3 Ba5 28. Nd4 Rg6 29. Nf5 Rg8 30. Rxb7 Rd8 31. Rxa7 Bb6 32. Rb7 Rd1+ 33. Kh2
Rd8 34. c5 Ba5 35. h4 h5 36. Nh6 Bd2 37. Nxf7+ Kh7 38. Nxd8 Bf4+ 39. Kh3 Kg7
40. Ne6+ Kf7 41. Nxf4 f5 42. exf5 Kf6 43. g4 hxg4+ 44. Kxg4 Ke5 45. h5 Kd4 46.
h6 Kxc5 47. Rxc7 Kd6 48. Rxc6+ Kxc6 49. h7 Kc5 50. a4 Kb4 51. f6 Kxa4 52. f7
Kb3 53. h8=Q Ka2 54. f8=Q Kb3 55. Qa1 Kc2 56. Qc5+ Kd2 57. Qcc1# 1-0

[Event "Michigan Beginners"]
[Site "Grand Rapids, MI"]
[Date "1997.01.19"]
[Round "4.3"]
[White "Nolan, Robert"]
[Black "Crist, Kevin"]
[Result "0-1"]
[WhiteElo "921"]
[BlackElo "890"]
[PlyCount "66"]
[EventDate "1997.01.19"]

1. d4 d5 2. c4 Nf6 3. e3 dxc4 4. Nc3 Nc6 5. f4 Ng4 6. Qe2 Bf5 7. Qxc4 e5 8. e4
exd4 9. exf5 dxc3 10. Qe2+ Qe7 11. Qxe7+ Bxe7 12. b3 Bb4 13. Nf3 Rd8 14. a3 Bc5
15. Bc4 O-O 16. Rf1 Nd4 17. Nxd4 Rxd4 18. Ke2 Rdd8 19. Kf3 Nxh2+ 20. Ke2 Rfe8+
21. Be3 Rxe3+ 22. Kf2 Re4+ 23. Kg3 Nxf1+ 24. Kh3 Rxf4 25. g3 Rxf5 26. Bxf1 Rd2
27. Kg4 g6 28. Re1 Bxa3 29. Re7 Bxe7 30. b4 h5+ 31. Kh3 Bd6 32. b5 Rxf1 33. Kh4
Be7+ 0-1

[Event "Michigan Beginners"]
[Site "Grand Rapids, MI"]
[Date "1997.01.19"]
[Round "4.1"]
[White "Nolan, Matthew"]
[Black "Engstrom, Nate"]
[Result "1-0"]
[WhiteElo "953"]
[BlackElo "1199"]
[PlyCount "119"]
[EventDate "1997.01.19"]

1. e4 c5 2. Nf3 d6 3. Nc3 Nc6 4. b3 Nf6 5. Bb2 e5 6. Nd5 Nxd5 7. exd5 Nb4 8. c4
Be7 9. a3 Na6 10. Bd3 O-O 11. Qe2 g6 12. O-O Nc7 13. Rae1 Bf6 14. Be4 b5 15. d3
Rb8 16. Nd2 b4 17. a4 Bg7 18. f4 f6 19. fxe5 fxe5 20. Rxf8+ Qxf8 21. Rf1 Qe7
22. Nf3 Bd7 23. Qd1 Rf8 24. Qc1 Ne8 25. Qg5 Qxg5 26. Nxg5 Rxf1+ 27. Kxf1 Nf6
28. h3 Bh6 29. Ne6 Nxe4 30. dxe4 Kf7 31. Nc7 Bg5 32. Nb5 a6 33. Nxd6+ Ke7 34.
Bxe5 Be3 35. Ke2 Bd4 36. Bxd4 cxd4 37. Nb7 Kf6 38. Kd3 Ke5 39. Nc5 Bc8 40. d6
Kxd6 41. Kxd4 g5 42. e5+ Ke7 43. Kd5 h5 44. Ne4 Bb7+ 45. Kd4 Bxe4 46. Kxe4 Ke6
47. Kd4 g4 48. hxg4 hxg4 49. g3 Kd7 50. Kd5 Kd8 51. c5 Kd7 52. c6+ Kd8 53. Kd6
a5 54. e6 Ke8 55. c7 Kf8 56. c8=Q+ Kg7 57. Ke5 Kg6 58. Qg8+ Kh6 59. Kf6 Kh5 60.
Qg5# 1-0

[Event "Michigan Class B"]
[Site "Grand Rapids, MI"]
[Date "1997.01.19"]
[Round "4.1"]
[White "Nicolli, Randy"]
[Black "Dorrington, Eldon"]
[Result "1-0"]
[WhiteElo "1769"]
[BlackElo "1613"]
[PlyCount "75"]
[EventDate "1997.01.18"]

1. f4 Nf6 2. b3 e6 3. Bb2 d5 4. e3 c5 5. Nf3 Nc6 6. Bb5 Bd7 7. Bxc6 Bxc6 8. d3
Be7 9. O-O Qc7 10. Nbd2 Ng4 11. Qe2 Bf6 12. Bxf6 Nxf6 13. Ne5 O-O-O 14. a3 Bb5
15. Rfb1 Rhf8 16. c4 dxc4 17. bxc4 Ba6 18. Rb3 Ne8 19. Ne4 f6 20. Nf3 Nd6 21.
Nc3 h6 22. a4 g5 23. Nb5 Bxb5 24. axb5 b6 25. Rba3 Rd7 26. fxg5 hxg5 27. d4 Kb8
28. dxc5 Qxc5 29. Nd4 Nxc4 30. Nc6+ Kc7 31. Rxa7+ Kd6 32. Rd1+ Qd5 33. Rxd5+
exd5 34. Rxd7+ Kxd7 35. Qd3 Ra8 36. Qxd5+ Nd6 37. Ne5+ fxe5 38. Qxa8 1-0

[Event "Michigan Class B"]
[Site "Grand Rapids, MI"]
[Date "1997.01.19"]
[Round "5.3"]
[White "Moore, Robert"]
[Black "McCarter, Robert"]
[Result "1/2-1/2"]
[WhiteElo "1700"]
[BlackElo "1732"]
[PlyCount "67"]
[EventDate "1997.01.18"]

1. e4 c5 2. Nf3 d6 3. d4 cxd4 4. Nxd4 Nf6 5. Nc3 a6 6. Bg5 e6 7. f4 Be7 8. Qf3
Qa5 9. O-O-O Bd7 10. e5 dxe5 11. fxe5 Nc6 12. Bxf6 gxf6 13. exf6 Qg5+ 14. Kb1
Qxf6 15. Nb3 Qxf3 16. gxf3 Ne5 17. Nd4 Nc6 18. Be2 Nxd4 19. Rxd4 Bf6 20. Rd3
Bc6 21. Ne4 Bxe4 22. fxe4 Rd8 23. Rf1 Rxd3 24. cxd3 Ke7 25. Bh5 Rf8 26. Rc1 Be5
27. Rc4 Bxh2 28. d4 f5 29. Bf3 Rd8 30. exf5 exf5 31. Bxb7 a5 32. Bf3 Bd6 33. d5
Rd7 34. Kc2 1/2-1/2

[Event "Michigan Class B"]
[Site "Grand Rapids, MI"]
[Date "1997.01.19"]
[Round "4.4"]
[White "Mohammed, Azziem"]
[Black "Kreger, David"]
[Result "1-0"]
[WhiteElo "1774"]
[BlackElo "1621"]
[PlyCount "27"]
[EventDate "1997.01.18"]

1. d4 Nf6 2. Bg5 d5 3. e3 e6 4. Nf3 b6 5. Bd3 Bb7 6. Nbd2 Be7 7. Bxf6 Bxf6 8.
h4 Nd7 9. c3 c5 10. Rc1 e5 11. dxe5 Nxe5 12. Nxe5 Bxe5 13. Qa4+ Qd7 14. Bb5 1-0

[Event "Michigan Class D/E"]
[Site "Grand Rapids, MI"]
[Date "1997.01.19"]
[Round "5.8"]
[White "Mitchell, Dave"]
[Black "Belill, Nathan"]
[Result "1-0"]
[WhiteElo "1184"]
[BlackElo "1253"]
[PlyCount "141"]
[EventDate "1997.01.18"]

1. e4 e5 2. Nf3 Nc6 3. Bc4 Bc5 4. c3 Nf6 5. d4 exd4 6. cxd4 Bb6 7. Bg5 h6 8.
Bh4 d6 9. O-O Qe7 10. Re1 Bg4 11. Bb5 O-O-O 12. Bxc6 bxc6 13. Nc3 g5 14. Bg3
Nh5 15. Rc1 Nxg3 16. hxg3 Qd7 17. Qd3 Bxf3 18. Qxf3 Bxd4 19. e5 Bxe5 20. Rcd1
Rhe8 21. Nb5 Kb8 22. Na3 d5 23. Nc2 Qe6 24. Nd4 Qg6 25. Qb3+ Kc8 26. Nf3 f6 27.
Qa4 Rd6 28. Qa6+ Kd7 29. Nxe5+ Rxe5 30. Rxe5 fxe5 31. Qe2 e4 32. Qg4+ Qe6 33.
Qe2 d4 34. Qa6 c5 35. Qxa7 Qe5 36. Qa4+ Rc6 37. b4 cxb4 38. Qxb4 d3 39. Qd2 Rc2
40. Qxc2 c5 41. Qc4 g4 42. a4 Qd4 43. Qxd4+ cxd4 44. Kf1 Kc6 45. Rb1 e3 46.
fxe3 dxe3 47. Rd1 e2+ 48. Ke1 exd1=Q+ 49. Kxd1 Kc5 50. a5 Kb5 51. Kd2 Kxa5 52.
Kxd3 Kb5 53. Ke4 Kc4 54. Kf4 h5 55. Kg5 Kd4 56. Kxh5 Ke5 57. Kxg4 Kf6 58. Kf4
Kg6 59. g4 Kf6 60. g5+ Kg6 61. g4 Kg7 62. Kf5 Kf7 63. g6+ Kg7 64. g5 Kf8 65.
Kf6 Kg8 66. g7 Kh7 67. g6+ Kg8 68. Kg5 Kxg7 69. Kf5 Kf8 70. Kf6 Kg8 71. g7 1-0

[Event "Michigan Class D/E"]
[Site "Grand Rapids, MI"]
[Date "1997.01.19"]
[Round "4.8"]
[White "Mihelich, John"]
[Black "Mitchell, Dave"]
[Result "1-0"]
[WhiteElo "1394"]
[BlackElo "1184"]
[PlyCount "51"]
[EventDate "1997.01.18"]

1. e4 d6 2. d3 Nf6 3. Nc3 c6 4. Be2 Nbd7 5. Be3 g6 6. f4 Bg7 7. Nf3 O-O 8. h3
Qa5 9. Qd2 Rd8 10. a3 Ne8 11. b4 Qc7 12. f5 d5 13. fxg6 fxg6 14. Ng5 Nf8 15. d4
dxe4 16. O-O e5 17. Rf7 Qxf7 18. Nxf7 Kxf7 19. Bc4+ Be6 20. Qf2+ Kg8 21. Bxe6+
Nxe6 22. Rf1 exd4 23. Qf7+ Kh8 24. Qxe6 dxe3 25. Qe7 Bxc3 26. Rf8# 1-0

[Event "Michigan Class D/E"]
[Site "Grand Rapids, MI"]
[Date "1997.01.19"]
[Round "5.6"]
[White "Mihelich, John"]
[Black "Jaskot, Allan"]
[Result "1-0"]
[WhiteElo "1394"]
[BlackElo "1302"]
[PlyCount "67"]
[EventDate "1997.01.18"]

1. e4 e6 2. f4 d5 3. e5 Bc5 4. Nf3 Bb6 5. d4 c5 6. c3 Nc6 7. Bb5 Bd7 8. Bxc6
Bxc6 9. O-O Nh6 10. Be3 Nf5 11. Bf2 h6 12. dxc5 Bc7 13. Nd4 f6 14. Nxe6 Qc8 15.
Qh5+ Ke7 16. Nxc7 Rb8 17. exf6+ Kxf6 18. Bh4+ Nxh4 19. Qxh4+ Kg6 20. Qg3+ Kh7
21. f5 Rf8 22. Qg6+ Kh8 23. Ne6 Qd7 24. Nxf8 Rxf8 25. Qe6 Qd8 26. Nd2 Qg5 27.
Nf3 Qg4 28. Ne5 Qe4 29. Ng6+ Kh7 30. Nxf8+ Kh8 31. Qxe4 dxe4 32. Rad1 b6 33.
Rd8 bxc5 34. Ng6+ 1-0

[Event "Michigan Class B"]
[Site "Grand Rapids, MI"]
[Date "1997.01.19"]
[Round "4.6"]
[White "McCarter, Robert"]
[Black "Imai, Toshio"]
[Result "1/2-1/2"]
[WhiteElo "1732"]
[BlackElo "1700"]
[PlyCount "141"]
[EventDate "1997.01.18"]

1. d4 c5 2. c3 cxd4 3. cxd4 d5 4. Nf3 Nc6 5. Bf4 Nf6 6. e3 Bg4 7. h3 Bh5 8. Be2
e6 9. O-O Bd6 10. Bxd6 Qxd6 11. Nbd2 Bg6 12. Rc1 O-O 13. Qb3 Rab8 14. Rc3 Nd7
15. Rfc1 a6 16. Qa3 Qxa3 17. Rxa3 f6 18. Rac3 Rbc8 19. Bxa6 Nb4 20. Rxc8 Nxa6
21. Rxf8+ Kxf8 22. Rc3 Ke7 23. Rb3 b6 24. Nb1 Bxb1 25. Ra3 Nb4 26. Nd2 Bg6 27.
Ra8 Nc6 28. Kf1 e5 29. dxe5 fxe5 30. Ke1 Nc5 31. b3 Nd3+ 32. Kf1 Be8 33. Ra6
Ndb4 34. Rxb6 Nxa2 35. Rb7+ Bd7 36. Ke2 Nab4 37. Nf3 Kd6 38. Ng5 h6 39. Nf7+
Ke6 40. Nd8+ Nxd8 41. Rxb4 Nc6 42. Rb7 d4 43. exd4 Nxd4+ 44. Ke3 Nf5+ 45. Ke2
Bc6 46. Rb6 Kd5 47. b4 h5 48. g4 hxg4 49. hxg4 Nd4+ 50. Ke3 g5 51. Rb8 Ke6 52.
Rg8 Kf6 53. Rf8+ Kg7 54. Rb8 Kf7 55. Kd3 Bf3 56. Kc4 Bxg4 57. Kd5 Be6+ 58. Ke4
Kf6 59. Rf8+ Ke7 60. Rb8 Nc6 61. Rb7+ Kd6 62. b5 Bd5+ 63. Ke3 Nd8 64. Rb6+ Kc5
65. Rb8 Ne6 66. b6 Bc6 67. Ke2 g4 68. Ke3 Nd4 69. Rg8 Nf5+ 70. Kd2 Kxb6 71.
Rxg4 1/2-1/2

[Event "Michigan Class D/E"]
[Site "Grand Rapids, MI"]
[Date "1997.01.19"]
[Round "5.10"]
[White "McAllister, Don"]
[Black "Kotman, Matthew"]
[Result "0-1"]
[WhiteElo "1002"]
[BlackElo "1096"]
[PlyCount "56"]
[EventDate "1997.01.18"]

1. e4 e6 2. d4 d5 3. e5 h6 4. Nf3 Ne7 5. Bd3 Nbc6 6. Nc3 Nf5 7. Ne2 Bb4+ 8. Bd2
Bxd2+ 9. Qxd2 O-O 10. O-O b6 11. a3 Na5 12. b3 c5 13. Rab1 c4 14. bxc4 dxc4 15.
Be4 Bb7 16. Bxf5 exf5 17. Qe3 Be4 18. Nd2 Bxc2 19. Rb2 Bd3 20. Re1 Rc8 21. Rb4
Bxe2 22. Rxe2 c3 23. Nb3 Nxb3 24. Rxb3 c2 25. Rc3 Rxc3 26. Qxc3 c1=Q+ 27. Qxc1
Qxd4 28. Qc2 Qa1+ 0-1

[Event "Michigan Class C"]
[Site "Grand Rapids, MI"]
[Date "1997.01.19"]
[Round "5.6"]
[White "Mayer, Raymond"]
[Black "Waite, Lawrence"]
[Result "0-1"]
[WhiteElo "1462"]
[BlackElo "1426"]
[PlyCount "62"]
[EventDate "1997.01.18"]

1. d4 Nf6 2. Nf3 g6 3. Bf4 Bg7 4. e3 d6 5. Nbd2 O-O 6. Bd3 Re8 7. e4 Nc6 8. c3
e5 9. Be3 exd4 10. cxd4 Bd7 11. Rc1 h6 12. h4 Ng4 13. g3 Nxe3 14. fxe3 Bg4 15.
Be2 Qd7 16. Nh2 Bxe2 17. Qxe2 Re7 18. Ng4 Rae8 19. Nf2 Kh7 20. a3 f5 21. Qd3
fxe4 22. Nfxe4 d5 23. Ng5+ hxg5 24. hxg5+ Kg8 25. Qxg6 Rxe3+ 26. Kd1 Qg4+ 27.
Kc2 Nxd4+ 28. Kb1 Qf5+ 29. Qxf5 Nxf5 30. Rhd1 c6 31. Nb3 Rxb3 0-1

[Event "Michigan Class D/E"]
[Site "Grand Rapids, MI"]
[Date "1997.01.19"]
[Round "4.10"]
[White "LaFerriere, Larry"]
[Black "Gaiefsky, Joey"]
[Result "1/2-1/2"]
[WhiteElo "883"]
[BlackElo "1174"]
[PlyCount "109"]
[EventDate "1997.01.18"]

1. e4 e5 2. Nf3 Nc6 3. Bb5 d6 4. Bxc6+ bxc6 5. O-O Nf6 6. h3 Be7 7. d3 O-O 8.
Re1 Rb8 9. d4 d5 10. Nxe5 Rb6 11. exd5 cxd5 12. Bg5 Re8 13. Bxf6 Bxf6 14. Nf3
Rxe1+ 15. Qxe1 Re6 16. Qd2 c5 17. c3 cxd4 18. Nxd4 Bxd4 19. cxd4 h6 20. Nc3 Rg6
21. Kh1 Qh4 22. Qe3 Re6 23. Qg3 Qxd4 24. Rd1 Qb6 25. b3 Rg6 26. Nxd5 Qe6 27.
Nf4 Rxg3 28. Nxe6 Rc3 29. Rd8+ Kh7 30. Nf8+ Kg8 31. Ng6+ Kh7 32. Nf4 Rc1+ 33.
Kh2 Rc2 34. Nd3 Bf5 35. Rd5 Bxd3 36. Rxd3 Rxa2 37. f3 f6 38. b4 a6 39. Rb3 Ra4
40. Kg3 Kg8 41. Kf4 Kf7 42. Kf5 g6+ 43. Ke4 a5 44. Kd3 axb4 45. Kc4 Ke6 46.
Rxb4 Rxb4+ 47. Kxb4 Kf5 48. Kc5 Kf4 49. Kd5 f5 50. Ke6 g5 51. Kf6 h5 52. Kg6 g4
53. h4 gxf3 54. gxf3 Kxf3 55. Kxf5 1/2-1/2

[Event "Michigan Masters/Experts"]
[Site "Grand Rapids, MI"]
[Date "1997.01.19"]
[Round "3.5"]
[White "LaFata, Sam"]
[Black "Jarosz, Stan"]
[Result "0-1"]
[WhiteElo "2040"]
[BlackElo "2000"]
[PlyCount "70"]
[EventDate "1997.01.18"]

1. d4 d5 2. Nf3 Nf6 3. e3 Bf5 4. c4 e6 5. Qb3 Qc8 6. Nc3 c6 7. Bd2 Nbd7 8. Rc1
Qb8 9. cxd5 exd5 10. Na4 a5 11. Nb6 Nxb6 12. Qxb6 Bd6 13. Ne5 O-O 14. Bd3 Bxd3
15. Nxd3 Ne4 16. Nc5 Bxc5 17. dxc5 Ra6 18. Qb3 Nxd2 19. Kxd2 b5 20. cxb6 Rxb6
21. Qc3 Rxb2+ 22. Rc2 Rxc2+ 23. Kxc2 Qb5 24. Rb1 Qe2+ 25. Qd2 Qc4+ 26. Qc3
Qxa2+ 27. Rb2 Qa4+ 28. Kb1 h6 29. g3 Re8 30. Rb6 Re4 31. Rxc6 Rb4+ 32. Kc1 Qxc6
33. Qxc6 Rc4+ 34. Qxc4 dxc4 35. Kb2 a4 0-1

[Event "Michigan Class D/E"]
[Site "Grand Rapids, MI"]
[Date "1997.01.19"]
[Round "5.5"]
[White "Kotman, Stuart"]
[Black "Saylor, Oliver"]
[Result "0-1"]
[WhiteElo "786"]
[BlackElo "1391"]
[PlyCount "52"]
[EventDate "1997.01.18"]

1. d4 d5 2. c4 c6 3. Nc3 Nf6 4. Nf3 e6 5. Bg5 h6 6. Bh4 Be7 7. e3 O-O 8. Bd3
Nbd7 9. O-O c5 10. dxc5 Nxc5 11. cxd5 exd5 12. Bc2 Be6 13. Ne2 Nfe4 14. Bxe7
Qxe7 15. Ned4 Bg4 16. Qe2 Bxf3 17. Qxf3 Nd2 18. Nf5 Nxf3+ 19. gxf3 Qf6 20. Kh1
Kh8 21. Rg1 Rad8 22. Rad1 Ne6 23. Rg4 Qxb2 24. Rh4 Qf6 25. Rg4 d4 26. Ng3 Qxf3+
0-1

[Event "Michigan Masters/Experts"]
[Site "Grand Rapids, MI"]
[Date "1997.01.19"]
[Round "4.2"]
[White "Kamberi, Sonny"]
[Black "Kitts, Gary"]
[Result "1/2-1/2"]
[WhiteElo "2277"]
[BlackElo "2000"]
[PlyCount "77"]
[EventDate "1997.01.18"]

1. e4 e6 2. d4 d5 3. Nc3 Nf6 4. Bg5 Bb4 5. exd5 Qxd5 6. Bxf6 gxf6 7. Nge2 Nc6
8. Qd2 Bxc3 9. Qxc3 Bd7 10. b3 O-O-O 11. O-O-O e5 12. dxe5 Qxe5 13. Qxe5 fxe5
14. Nc3 Rhg8 15. Rg1 Nd4 16. Bd3 Bc6 17. f3 h5 18. Ne2 Nxe2+ 19. Bxe2 h4 20.
Bd3 Rg5 21. g4 hxg3 22. Rxg3 Rh5 23. Re1 Re8 24. Bc4 Rh7 25. Re2 f5 26. Rg8
Rxg8 27. Bxg8 Re7 28. f4 e4 29. Kd2 Kd7 30. a4 a6 31. Ke3 Rg7 32. Rd2+ Ke7 33.
Bd5 Bxd5 34. Rxd5 Ke6 35. Re5+ Kf6 36. Re8 Rh7 37. Rf8+ Ke6 38. Re8+ Kf6 39.
Rf8+ 1/2-1/2

[Event "Michigan Class C"]
[Site "Grand Rapids, MI"]
[Date "1997.01.19"]
[Round "5.5"]
[White "Juntunen, Michael"]
[Black "Gregg, Ted"]
[Result "1-0"]
[WhiteElo "1463"]
[BlackElo "1400"]
[PlyCount "133"]
[EventDate "1997.01.18"]

1. c4 e5 2. Nc3 Nf6 3. e4 Bc5 4. Nf3 d6 5. d4 exd4 6. Nxd4 O-O 7. Be2 Re8 8.
Bg5 Bb4 9. Bd3 c6 10. O-O Bxc3 11. bxc3 Nbd7 12. f4 Qa5 13. Qc2 h6 14. Bh4 Ng4
15. Rf3 Qh5 16. Bg3 Nf8 17. f5 Ne5 18. Bxe5 dxe5 19. Rh3 Qg5 20. Nf3 Qe7 21.
Rf1 f6 22. Ne1 Qc5+ 23. Kh1 b6 24. Rff3 Ba6 25. Rfg3 Re7 26. Rxh6 Kf7 27. Qe2
Ke8 28. Rh8 Kd7 29. Rg8 Rae8 30. Qb2 Qd6 31. Qe2 c5 32. Bc2 Kc8 33. Bd3 Qc7 34.
Qh5 Qd7 35. Qe2 Nh7 36. Rxe8+ Rxe8 37. h4 Qf7 38. Nc2 Rh8 39. Kg1 Rg8 40. Ne3
Nf8 41. Nd5 g5 42. Qg4 Kd8 43. h5 Rh8 44. Rh3 Rh6 45. Qd1 Bc8 46. Be2 Bd7 47.
Rd3 Kc8 48. Qb3 Be8 49. g4 Qb7 50. Rd2 Bc6 51. Qa3 Nd7 52. Ne7+ Kb8 53. Nxc6+
Qxc6 54. Rd5 Rh7 55. Bd1 Qc7 56. Ba4 Kb7 57. Qb2 a6 58. Qd2 Nb8 59. Rd6 Rf7 60.
Qd5+ Ka7 61. Be8 Rf8 62. Bg6 Qb7 63. h6 Qxd5 64. Rxd5 Nc6 65. h7 Kb8 66. Rd7
Kc8 67. Rg7 1-0

[Event "Michigan Class C"]
[Site "Grand Rapids, MI"]
[Date "1997.01.19"]
[Round "4.6"]
[White "Jensen, David"]
[Black "Juntunen, Michael"]
[Result "0-1"]
[WhiteElo "1473"]
[BlackElo "1463"]
[PlyCount "92"]
[EventDate "1997.01.18"]

1. d4 d5 2. c4 c6 3. Nc3 Bf5 4. Nf3 e6 5. e3 Nf6 6. Bd3 Bg6 7. Bxg6 hxg6 8. Qe2
Qc7 9. Ne5 Bd6 10. f4 Nbd7 11. Bd2 Bb4 12. Nd1 Bxd2+ 13. Qxd2 Ne4 14. Qc2 Nxe5
15. fxe5 Ng3 16. Nf2 Nxh1 17. Nxh1 Qa5+ 18. Kf2 Rxh2 19. cxd5 Qxd5 20. Kg3 Rh5
21. Kg4 f5+ 22. exf6 Qg5+ 23. Kf3 Qxf6+ 24. Ke2 O-O-O 25. Rf1 Qg5 26. Kd3 Rdh8
27. Qb3 Qb5+ 28. Qxb5 Rxb5 29. b3 e5 30. Ng3 exd4 31. exd4 Rd8 32. Kc4 Rbd5 33.
Rf4 Rg5 34. Ne4 Rxg2 35. Nc5 Rxa2 36. Rf7 b6 37. Ne6 Rd7 38. Rf8+ Kb7 39. Nd8+
Ka6 40. Kc3 Ra1 41. Ne6 Re7 42. Nf4 Re3+ 43. Kd2 Rxb3 44. Ne6 Ra2+ 45. Kc1 Re3
46. Nc7+ Kb7 0-1